1908 1779 1052 1628 1694 1500 1804 1766 1475 1337 1062 1403 1005 1738 1479 1444 1399 1482 1279 1665 1467 1343 1259 1279 1382 1752 1684 1663 1345 1814 1061 1211 1482 1912 1803 1734 1742 1540 1187 1735 1436 1014 1641 1809 1077 1811 1881 1600 1716 1124 1088 1789 1936 1831 1148 1693 1050 1704 1385 1678 1134 1601 1511 1378 1713 1745 1360 1631 1863 1419 1025 1594 1820 1769 1810 1667 1935 1960 1469 1672 1839 1984 1951 1496 1075 1823 1026 1177 1715 1051 1392 1468 1987 1772 1765 1638 1860 1804 1235 BCNSPRNW ULIB Ver.6.0+V

เปลี่ยนเป็นภาษาไทย

Change to English
 แสดงรายละเอียดบรรณานุกรม
  กลับหน้าหลัก

Brief Record : Get Marc (ISO 2709) : E-mail record : QR code < ปิดหน้าต่าง
LEADER : 00000nam 2200000uu 4500
001    13399124881
003     ULIB
008    160424s2558||||th 000 0 tha d
020    ^a9786165519298
060  4 ^aWB115^bต367 ล.1
110 1  จุฬาลงกรณ์มหาวิทยาลัย^bคณะแพทยศาสตร์^bภาควิชาอายุรศาสตร์ คณะแพทยศาสตร์
245 00 ^aตำราอายุรศาสตร์ เล่ม1/^cบรรณาธิการ ; ชุษณา สวนกระต่าย และคณะ
250    ^aพิมพ์ครั้งที่ 1.
260    ^aกรุงเทพฯ :^bภาควิชาอายุรศาสตร์ คณะแพทยศาสตร์ จุฬาลงกรณ์มหาวิทยาลัย,^c2558.
300    ^a2 เล่ม :^bภาพประกอบ.
505 0  ^a-- เล่ม 1 ... Host defense against infections ... Antimicrobial therapy in clinical practice ... การติดเชื้อในผู้ป่วยที่มีภาวะภูมิคุ้มกันบกพร่อง (infection in immunocompromised host) ... โรคติดเชื้ไวรัสเอชไอวี ... โรคปอดอักเสบชุมชน (community-acguired penumonia) ... วัณโรคปอด (pulmonary tuberculosis) ... ท้องเสียเฉียบพลันจากการติดเชื้อ (acute infectious diarrhea) ... การป้องกันการติดเชื้อในโรงพยาบาล ... Clinical medicine as a jigsaw picture ...ปวดศีรษะ ... โรคหลอดเลือดสมอง ... Imaging of acute ischemic stroke ... Seizure and epilepsy ... Clinical approach in movement disorders ... Neuromuscular diseases -- เล่ม 2 ... การตรวจปัสสาวะเบื้องต้น ... Laboratory investigations and interpretation in renal diseases ... Nuclear nephrology ... Acute kidney injury ... Chronic kidney disease ... Glomerular diseases ... โลหิตวิทยาทางห้องปฏิบัติการ (Laboratory hematology) ... Bleeding disorders and thrombosis ... Dyspepsia แนวทางการวินิจฉัยและรักษา ... Functional gastrointestinal disoerders ... ท้องเสียเรื้อรัง ... ภาวะเลือดออกทางเดินอาหาร (gastroinfestinal bleeding) ... แนวทางการแปลผล Liver function test ... แนวทางการรักษาผู้ป่วยโรคตับแข็ง ... การรักษาภาวะตับอ่อนอักเสบเฉียบพลัน
650  7 ^aโลหิตวิทยา
650  7 ^aอายุรศาสตร์^vรวมเรื่อง
700 0  ^aชุษณา สวนกระต่าย,^eบรรณาธิการ
700 0  ^aนภชาญ เอื้อประเสริฐ,^eบรรณาธิการ
700 0  ^aกำพล สุวรรณพิมลกุล,^eบรรณาธิการ
700 0  ^aกมลวรรณ จุติวรกุล,^eบรรณาธิการ
945    ^p650^l0^i23461
945    ^p650^l0^i23462
945    ^p650^l0^i23463
945    ^p650^l0^i23464
945    ^p650^l0^i23465
999    ^aทศพร เกษรทอง
รายการนี้ยังไม่มีแท็ก
คุณยังไม่ได้ล็อกอิน คุณสามารถมีกิจกรรมร่วมกับเว็บไซต์ได้ แต่ต้องล็อกอินก่อน ::
  ล็อกอิน

รายการสื่อสารสนเทศ

ลำดับที่ ประเภท เลขเรียก/บาร์โค้ด สถานที่ สถานะ
1. วิทยาศาสตร์การแพทย์ และสุขภาพ
หนังสือสำรอง
สถานะ=หนังสือสำรอง
WB115 ต367 ล.1 ฉ.1 
  Barcode: 23461
ห้องสมุดวิทยาเขตนครสวรรค์
►ส่วนจัดเก็บหนังสือเก่า นว.
บนชั้น
  ขอยืม
2. วิทยาศาสตร์การแพทย์ และสุขภาพ
วิทยาศาสตร์การแพทย์ และสุขภาพ
WB115 ต367 ล.1 ฉ.2 
  Barcode: 23462
ห้องสมุดวิทยาเขตนครสวรรค์
►ส่วนจัดเก็บหนังสือเก่า นว.
บนชั้น
  ขอยืม
3. วิทยาศาสตร์การแพทย์ และสุขภาพ
วิทยาศาสตร์การแพทย์ และสุขภาพ
WB115 ต367 ล.1 ฉ.3 
  Barcode: 23463
ห้องสมุดวิทยาเขตนครสวรรค์
►ส่วนจัดเก็บหนังสือเก่า นว.
บนชั้น
  ขอยืม
4. วิทยาศาสตร์การแพทย์ และสุขภาพ
วิทยาศาสตร์การแพทย์ และสุขภาพ
WB115 ต367 ล.1 ฉ.4 
  Barcode: 23464
ห้องสมุดวิทยาเขตนครสวรรค์
►ส่วนจัดเก็บหนังสือเก่า นว.
บนชั้น
  ขอยืม
5. วิทยาศาสตร์การแพทย์ และสุขภาพ
วิทยาศาสตร์การแพทย์ และสุขภาพ
WB115 ต367 ล.1 ฉ.5 
  Barcode: 23465
ห้องสมุดวิทยาเขตนครสวรรค์
►ส่วนจัดเก็บหนังสือเก่า นว.
บนชั้น
  ขอยืม

รายการใกล้เคียง
    หัวเรื่อง [โลหิตวิทยา]

BibComment


ยังไม่เคยถูกคอมเมนท์

คอมเมนท์ทรัพยากรรายการนี้
  คอมเมนท์: ตำราอายุรศาสตร์ ..


 Copyright 2026. Bcnsprnw @Library